LEADER 01783nam 2200529Ia 450 001 9910700761703321 005 20110808150121.0 035 $a(CKB)5470000002411389 035 $a(OCoLC)745910941 035 $a(EXLCZ)995470000002411389 100 $a20110808d2011 ua 0 101 0 $aeng 135 $aurcn||||||||| 181 $ctxt$2rdacontent 182 $cc$2rdamedia 183 $acr$2rdacarrier 200 10$aComposite overwrapped pressure vessels$b[electronic resource] $ea primer /$fPat B. McLaughlan, Scott C. Forth, Lorie Grimes-Ledesma 210 1$aHouston, TX :$cNational Aeronautics and Space Administration, Johnson Space Center,$d[2011] 215 $a1 online resource (iv, 20 pages) $cillustrations (some color) 225 1 $aNASA/SP ;$v2011-573 300 $aTitle from title screen (viewed on Aug. 8, 2011). 300 $a"March 2011." 517 $aComposite overwrapped pressure vessels 606 $aComposite wrapping$2nasat 606 $aFilament winding$2nasat 606 $aLinings$2nasat 606 $aPressure vessels$2nasat 606 $aFailure modes$2nasat 606 $aCreep rupture strength$2nasat 606 $aFailure analysis$2nasat 615 7$aComposite wrapping. 615 7$aFilament winding. 615 7$aLinings. 615 7$aPressure vessels. 615 7$aFailure modes. 615 7$aCreep rupture strength. 615 7$aFailure analysis. 700 $aMcLaughlan$b Pat B$01413013 701 $aForth$b Scott C$01407657 701 $aGrimes-Ledesma$b Lorie$01413014 712 02$aLyndon B. Johnson Space Center. 801 0$bGPO 801 1$bGPO 906 $aBOOK 912 $a9910700761703321 996 $aComposite overwrapped pressure vessels$93508335 997 $aUNINA LEADER 01813nam1 22003611i 450 001 UON00326443 005 20231205104202.186 100 $a20090714g19741983 |0itac50 ba 101 $arum 102 $aRO 105 $a|||| 1|||| 200 1 $aOpere$fIon Minulescu$gEditie ingrijita, tabel cronologic, note si variante de Emil Manu$gPrefata de Mihai Gafita 210 $aBucuresti$cMinerva$d1974-1983 215 $a4 v.$ctav.$d20 cm. 311 $aVol. 4.$9UON00345549 311 $aVol. 3.$9UON00334918 311 $aVol. 2.$9UON00345538 311 $aVol. 1.$9UON00334914 410 1$1001UON00332227$12001 $aScriitori Romani 463 0$1001UON00345549$12001 $aPublicistica$fIon Minulescu$gEditie ingrijita si note de Emil Manu$1210 $aBucuresti$cMinerva$d1983$1215 $a677 p.$ctav.$d20 cm.$vVol. 4. 463 0$1001UON00334918$12001 $aSchite si nuvele$aRomane$fIon Minulescu$gEditie ingrijita de Emil Manu$1210 $aBucuresti$cMinerva$d1978$1215 $a583 p.$ctav.$d20 cm.$vVol. 3. 463 0$1001UON00345538$12001 $aTeatru$fIon Minulescu$gEditie ingrijita, note de Emil Manu$gPrefata de Mihail Gafita$1210 $aBucuresti$cMinerva$d1976$1215 $a399 p.$ctav.$d20 cm.$vVol. 2. 463 0$1001UON00334914$12001 $aVersuri$fIon Minulescu$gEditie ingrijita, tabel cronologic, note si variante de Emil Manu$gPrefata de Mihail Gafita$1210 $aBucuresti$cMinerva$d1974$1215 $aLXXIV, 619 p.$ctav.$d20 cm.$vVol. 1. 620 $aRO$dBucure?ti$3UONL000071 676 $a859$cLetteratura romena e letterature ladine$v21 700 1$aMINULESCU$bIon$3UONV185839$0634749 702 1$aGAFITA$bMihai$3UONV185827 702 1$aMANU$bEmil$3UONV164614 712 $aEditura Minerva$3UONV275495$4650 801 $aIT$bSOL$c20240220$gRICA 912 $aUON00326443 996 $aOpere$91210005 997 $aUNIOR